1664 1063 1826 1360 1034 1470 1145 1173 1648 1818 1710 1781 1465 1258 1592 1899 1693 1192 1136 1766 1638 1575 1186 1738 1935 1839 1634 1177 1129 1178 1297 1978 1038 1509 1722 1346 1511 1141 1669 1532 1434 1247 1990 1167 1861 1841 1421 1148 1988 1635 1933 1068 1901 1141 1088 1172 1044 1592 1845 1153 1103 1863 1813 1985 1669 1509 1600 1044 1787 1070 1860 1399 1662 1939 1750 1211 1086 1378 1085 1699 1982 1354 1784 1083 1585 1446 1396 1349 1836 1565 1379 1438 1851 1364 1178 1689 1270 1742 1442 BCNSPRNW ULIB Ver.6.0+V

เปลี่ยนเป็นภาษาไทย

Change to English
 แสดงรายละเอียดบรรณานุกรม
  กลับหน้าหลัก

Brief Record : Get Marc (ISO 2709) : E-mail record : QR code < ปิดหน้าต่าง
LEADER : 00000nam 2200000uu 4500
001    13399113423
003     ULIB
008    110627s2550||||th 000 0 tha d
020    9789748102405
090    นว.^bต344อ 2550
100 0  ตารกา
245 00 อธิฐานรักไพ่ร้อยมนตร์/^cตารกา
250    พิมพ์ครั้งที่ 2
260    กรุงเทพฯ :^bแจ่มใส,^c2550
300    219 หน้า
710 1  แจ่มใส
945    ^p149^l0^i022024
995    ทศพร
999 ^a ใช้งานได้ทุกระบบ
รายการนี้ยังไม่มีแท็ก
คุณยังไม่ได้ล็อกอิน คุณสามารถมีกิจกรรมร่วมกับเว็บไซต์ได้ แต่ต้องล็อกอินก่อน ::
  ล็อกอิน

รายการสื่อสารสนเทศ

ลำดับที่ ประเภท เลขเรียก/บาร์โค้ด สถานที่ สถานะ
1. นวนิยาย
นวนิยาย
นว. ต344อ 2550 ฉ.1 
  Barcode: 022024
ห้องสมุดวิทยาเขตสวรรค์ประชารักษ์
►นวนิยาย
บนชั้น
  ขอยืม

BibComment


ยังไม่เคยถูกคอมเมนท์

คอมเมนท์ทรัพยากรรายการนี้
  คอมเมนท์: อธิฐานรักไพ่ร้อยม..


 Copyright 2026. Bcnsprnw @Library